Top 20 zespołów w klubowym rankingu UEFA - Statystyki

Ogólne statystyki
  • Ten quiz został rozwiązany 432 razy
  • Średni wynik to 15 z 22
Statystyki odpowiedzi
Miejsce Liczba punktów Liczba punktów % Poprawnych
5 Real Madryt 113
99%
1 Bayern Monachium 133
94%
2 Manchester City 124
94%
7 Barcelona 108
92%
4 Chelsea 116
92%
9 Manchester United 104
91%
6 PSG 110
91%
3 Liverpool 122
90%
8 Juventus 106
89%
16 Borussia Dortmund 78
86%
10 Atletico Madryt 100
83%
15 Arsenal 80
82%
13 Tottenham 83
74%
14 Ajax 81,5
66%
11 Sevilla 88
61%
16 FC Porto 78
52%
11 AS Roma 88
43%
18 RB Lipsk 75
43%
20 Villareal 70
39%
20 Lyon 70
31%
19 Szachtar Donieck 71
16%
20 Salzburg 70
6%
Nie znaleziono quizów pasujących do podanych kryteriów
Rozkład punktacji
Procent ludzi z każdym wynikiem
Percentyl według liczby udzielonych odpowiedzi
Twoja historia wyników
Nie rozwiązałeś tego quizu